000 00402nam a22001577a 4500
999 _c12352
_d12352
008 210128b ||||| |||| 00| 0 eng d
082 0 0 _a515.3
_bS61735
100 _94508
_aSingh, Arjan
245 1 0 _aDifferential calculus
_cBy Arjan Singh
250 _a3rd ed.
260 _aDelhi
_bSatya prakashan
_c1963
300 _a651p.
365 _d10.00
650 0 _aDifferential Calculus
942 _cBK